000237699 001__ 237699
000237699 005__ 20210320173032.0
000237699 0247_ $$0I:(Ru-JINR)_500000$$aG:(Ru-JINR)20-52-63026$$d20-52-63026
000237699 035__ $$aG:(Ru-JINR)20-52-63026
000237699 150__ $$aРазвитие и применение экспериментальных и численных методов для эффективной генерации интенсивных пучков многозарядных ионов для исследований сверхтяжелых элементов$$y2020-2021
000237699 371__ $$0P:(Ru-JINR)P001801$$aБогомолов С.Л.
000237699 450__ $$aРФФИ_20-52-63026_ГФЕН_а$$wd$$y2020-2021
000237699 5101_ $$0I:(DE-588b)5118184-8$$aРоссийский фонд фундаментальных исследований$$bРФФИ
000237699 909CO $$ooai:juser.fz-juelich.de:891271$$pauthority:GRANT$$pauthority
000237699 909CO $$ooai:juser.fz-juelich.de:891271
000237699 980__ $$aG
000237699 980__ $$aAUTHORITY